Fallout TV Series Characters by Picture - Statistics

General Stats
  • This quiz has been taken 137 times
    67 since last reset
  • The average score is 11 of 33
Answer Stats
Picture Answer % Correct
Lucy MacLean
96%
The Ghoul
96%
Maximus
93%
CX404
81%
Hank MacLean
65%
Lee Moldaver
60%
Robert Edwin House
56%
Norm MacLean
53%
Betty Pearson
49%
Knight Titus
49%
Snip Snip
42%
Bud Askins
40%
Thaddeus
40%
Barb Howard
33%
Chet
32%
Siggi Wilzig
30%
Steph Harper
28%
Dane
26%
Janey Howard
26%
Snake oil salesman
25%
Ma June
18%
Woody Thomas
18%
Sorrel Booker
16%
Quintus
14%
Monty
12%
Davey
9%
Reg McPhee
9%
Birdie
7%
Sebastian Leslie
5%
Benjamin
4%
Dr. Edmundson
4%
George Yaffe
4%
Sheriff Troy
4%
No matching quizzes found
Score Distribution
Percent of People with Each Score
Percentile by Number Answered
Your Score History
You have not taken this quiz since the last reset